000 00349 a2200157 4500
001 156843
020 _a9788526024298
040 _cEscola São Tomás de Aquino
100 _aFRANÇA, Mary
240 1 0 _aHora de Dormir!
_lpor
245 1 0 _aHora de Dormir!
300 _a16 p.
362 0 _a2018
697 _a*LITERATURA INFANTIL
942 _cBK
999 _c156843
_d156843